| 000 | 01216nas a2200397 4500 | ||
|---|---|---|---|
| 001 | BR2011002365 | ||
| 003 | BR-BrBNA | ||
| 005 | 20231205114943.0 | ||
| 007 | ta | ||
| 008 | 230509b bl.|||p| |||| 00| 00por d | ||
| 040 |
_aBR-BrBNA _bpor _cBiblioteca Nacional de Agricultura |
||
| 041 | _a(Pt) | ||
| 072 | _aF50; F61; F30 | ||
| 100 | 1 | _aRocha, M.C. da | |
| 100 | 1 | _aMiranda, G.V. | |
| 100 | 1 | _aVasconcelos, M.J.V. | |
| 100 | 1 | _aMagalhães, P.C. | |
| 100 | 1 | _aCarvalho Júnior, G.A. de | |
| 100 | 1 | _aSilva, L.A. | |
| 100 | 1 | _aSoares, M.O. | |
| 100 | 1 | _aCantão, F.R.O. | |
| 100 | 1 | _aRodrigues, F. | |
| 100 | 1 | _aSchaffert, R.E. | |
| 245 | 1 | _aCaracterização da morfologia radicular de genótipos contrastantes de sorgo em baixo e alto níveis de fósforo | |
| 650 | _aSORGO | ||
| 650 | _aGENÓTIPO | ||
| 650 | _aFÓSFORO | ||
| 650 | _aDISPONIBILIDADE DE NUTRIENTE | ||
| 650 | _aVARIAÇÃO GENÉTICA | ||
| 650 | _aMORFOLOGIA VEGETAL | ||
| 650 | _aRAIZ | ||
| 650 | _aMÉTODO ESTATÍSTICO | ||
| 773 | 0 |
_tRevista Brasileira de Milho e Sorgo (Brazil) _xISSN 1676-689X _g(Jan-Apr 2010), v. 9(1) p. 65-78 _wBR2011002365 |
|
| 909 |
_a202311 _bLúcia _c55 _dLúcia Elande |
||
| 942 |
_2AGRIS _n0 _cANA |
||
| 999 |
_c211399 _d211399 |
||